Congreso Vitícola que ha de celebrarse en mayo de 1898 en San Sadurní de Noya [i.e. Sant Sadurní d'Anoia] : convocatoria convocatoria
Descripción Física:
1 full ; 28 cm
Materias:
Vi -- Congressos
MARC
| LEADER | 00000nam a2200000Ia 4500 | ||
|---|---|---|---|
| 001 | 16507 | ||
| 008 | 160829s1897 xx 000 0 cat d | ||
| 080 | |a 2968, exp. 15 | ||
| 100 | |a Congreso Vitícola (1898 : Sant Sadurní d'Anoia) |9 48253 | ||
| 245 | |a Congreso Vitícola que ha de celebrarse en mayo de 1898 en San Sadurní de Noya [i.e. Sant Sadurní d'Anoia] : |b convocatoria | ||
| 260 | |a Barcelona : |b Tipografía Católica, |c 1897 | ||
| 300 | |a 1 full ; |c 28 cm | ||
| 650 | |a Vi |x Congressos |9 37226 | ||
| 901 | |a Arxiu | ||
| 942 | |n 1 | ||
| 952 | |0 0 |1 0 |4 0 |6 2968_EXP_15 |7 1 |9 54428 |a Arxiu |b Arxiu |d 2016-12-01 |l 0 |o 2968, exp. 15 |p 16507 |r 2016-12-01 00:00:00 |w 2016-12-01 |y ARXIU | ||
| 999 | |c 58297 |d 58297 | ||